Unwound Discography - Statistics

General Stats
  • This quiz has been taken 8 times
  • The average score is 10 of 17
Answer Stats
Hint Answer % Correct
1993 Fake Train
100%
2001 Leaves Turn Inside You
100%
1994 New Plastic Ideas
100%
1996 Repetition
100%
1995 Unwound
100%
1998 Challenge for a Civilized Society
86%
1995 The Future of What
86%
2015 Empire
57%
2012 Live Leaves
57%
2014 06/30/1999: Reykjavik, Iceland
43%
2013 Kid Is Gone
43%
2013 7/26/2001
29%
2014 No Energy
29%
2014 Rat Conspiracy
29%
1997 The Light at the End of the Tunnel Is a Train
29%
2016 What Was Wound
29%
1999 A Single History: 1991 - 1997
14%
No matching quizzes found
Score Distribution
Percent of People with Each Score
Percentile by Number Answered
Your Score History
You have not taken this quiz